000
00315nam a2200145Ia 4500
100
_a
Tomasi/Wayne
250
_a
4
942
_c
BK
654
_a
electronic
245
_a
Electronic communication system
260
_b
Pearson Edu
_a
New Delhi
_c
2001
082
_a
621.382
_b
TOM
300
_a
946
546
_a
ENGLISH
999
_c
20251
_d
20251